Responses for show #7395 - Friday, November 4, 2016

Contestants

Chuck Dunn, a mathematics professor from Tigard, Oregon

Donna Goldberg, a psychotherapist from West Hills, California

Rachel Hopkins, a student from Middletown, Rhode Island (whose 1-day cash winnings total $21,799)

Jeopardy! Round responses

THE FILMS OF MERYL STREEP
U.S. MOUNTAINS
AUTO SHOP TALK
A SPANISH INQUISITION
"C"s THE DAY
PUNNING POLITICAL TITLES
    $200 2
Kramer vs. Kramer

Donna
    $200 7
Oahu

Donna
    $200 27
[The end-of-round signal sounds.]

carbon dioxide

Rachel
    $200 8
What time is it?

Donna
    $200 21
Christmas

Chuck
    $200 16
the Beltway

Rachel
    $400 3
The Bridges of Madison County

Rachel
    $400 13
(Chuck: What are the Tetons?)

the Rockies

RachelChuck
    $400 9
What is your name?

Donna
    $400 22
Cancer

Rachel
    $400 1
Blinded by the Right

Triple Stumper
    $600 4
The Iron Lady

Donna
    $600 14
(Alex: All right, you're in third place. You have $600. You can risk up to $1,000.)
(Rachel: Let's make it a True Daily Double.)
(Alex: Okay, for a $1,200 total, here is your clue...)
...
(Rachel: Who is Roosevelt?)
(Alex: No, you picked the wrong President.)
(Rachel: Yeah.)
(Alex: Who is [*]? Famous for his 14 Points and World War I. You have no money, but pick again.)

Woodrow Wilson

Rachel
    $600 10
How old are you?

Rachel
    $600 23
Commonwealth Day

Rachel
    $600 17
fathers

Chuck
    $800 6
Postcards from the Edge

Chuck
    $800 15
the Sierra Nevada

Chuck
    $800 11
(Rachel: What is, "Do you speak French?")
(Donna: [*]? What is, [*]?)
(Alex: Thank you.)

Do you speak German?

RachelDonna
    $800 24
(Alex: We've less than a minute to go now, Rachel.)

Coronation Day

Triple Stumper
    $800 19
omnibus

Triple Stumper
    $1000 5
Silkwood

Chuck
    $1000 18
Mount Washington

Triple Stumper
    $1000 26
viscosity

Donna
    $1000 12
(Donna: [*]?)
(Alex: Right.)
(Donna: [Laughs] Really?)
(Rachel: Oh!)
[Laughter]
(Donna: What is, [*]?)

Who pays for the wall?

Donna
    $1000 25
Candlemas

Triple Stumper
    $1000 20
malice

Chuck

Scores at the first commercial break (after clue 15):

Rachel Donna Chuck
$0 $3,400 $2,200

Scores at the end of the Jeopardy! Round:

Rachel Donna Chuck
$1,400 $4,400 $4,000

Double Jeopardy! Round responses

THE LIVES OF AUTHORS
TV SHOWS BY EPISODES
(Alex: We'll give you the episodes.)
KINGS & QUEENS
"READY" WHEN YOU ARE
MUSICAL INSTRUMENTS
TRAVEL & TOURISM
    $400 17
the Hundred Years' War

Rachel
    $400 1
The Sopranos

Rachel
    $400 6
Cleopatra

Chuck
    $400 11
Eveready

Chuck
    $400 12
guitar

Donna
    $400 20
coffins

Rachel
    $800 18
(Chuck: Who is Harriet Tubman?)

Harriet Beecher Stowe

RachelChuck
    $800 2
Gotham

Rachel
    $800 7
(Rachel: Who is Catherine Howard?)

Anne Boleyn

RachelChuck
    $800 27
(Chuck: What is off-the-rack?)

ready-to-wear

RachelChuck
    $800 13
synthesizer

Chuck
    $800 23
(Chuck: What is Salem?)

Plymouth

DonnaChuck
    $1200 19
Jonathan Swift

Donna
    $1200 3
The X-Files

Chuck
    $1200 8
King Herod

Donna
    $1200 28
(Donna: Not ready for--what is the--[*]?)
(Alex: Yes, you managed to get it out.)
(Donna: I got it. I spit it out.)

the Not Ready for Prime Time Players

Donna
    $1200 14
(Alex: Chuck, you better get this one.)
(Chuck: What is the--what is the [*]?
(Alex: Yes, you play it.)

trombone

Chuck
    $1200 24
the Spanish Steps

Rachel
    $1600 21
(Chuck: Who is Hesse?)
...
(Alex: [*], ja.)

Thomas Mann

DonnaChuck
    $3,000 4
(Alex: You picked the right one right out of the blue. That just came to you. I could see it.)

Scandal

Chuck
    $1600 9
Cardinal

Donna
    $1600 29
(Donna: Who was "Rough and Ready"?)
(Alex: Be a little more specific.)
(Donna: Uh...)
(Alex: No? Okay. Correct response--you were missing one word--[*].)

"Old Rough an Ready"

Donna
Triple Stumper
    $1600 15
harpsichord

Chuck
    $1600 25
hot coal walking

Rachel
    $2000 22
(Donna: Who is Edith Wharton?)
(Alex: No. Rachel or Chuck? Donna, you can't ring in again.)
[Laughter]
(Alex: But now--if I allowed you to respond, what would you say?)
(Donna: [*].)
(Alex: Yes, you would've been correct if you had made that your first response. Darn.)

Gertrude Stein

Donna
Triple Stumper
    $2000 5
Knight Rider

Rachel
    $2000 10
(Donna: What is Kenya?)

Swaziland

Donna
Triple Stumper
    $6,500 30
(Alex: And you have enough money to take the lead away from Chuck.
This will be the last clue.)
(Donna: Uh, $6,500, please.)
(Alex: Okay, here is the clue for you...)
...
(Donna: William the Unready?)
(Alex: No. Who is [*]? [*]. So you drop to $300.)
(Donna: Aw.)

Ethelred the Unready

Donna
    $2000 16
pan flute (pan pipe)

Chuck
    $2000 26
the Victoria and Albert

Chuck

Scores at the end of the Double Jeopardy! Round:

Rachel Donna Chuck
$9,000 $300 $13,400

[wagering suggestions for these scores]

Final Jeopardy! Round responses

HISTORIC DOCUMENTS
(Alex: Over the years, I've discovered that Jeopardy! players are usually good dealing with U.S. history. Let's see if I'm correct.)
...
(Alex: And Chuck has a lot of supporters up there who just let out a big scream on your behalf.)
DonnaWhat was the Emancipation Proclamation
$0
RachelWhat is the Emancipation Proclamation
$8,399
ChuckWhat is the Emancipation Proclamation?
$9,000
the Emancipation Proclamation

Final scores:

Rachel Donna Chuck
$17,399 $300 $22,400
2nd place: $2,000 3rd place: $1,000 New champion: $22,400

Game dynamics:

Coryat scores:

Rachel Donna Chuck
$9,600 $6,800 $12,000
16 R,
3 W
(including 1 DD)
15 R,
4 W
(including 1 DD)
16 R
(including 1 DD),
5 W

Combined Coryat: $28,400

The J! Archive is created by fans, for fans. The Jeopardy! game show and all elements thereof, including but not limited to copyright and trademark thereto, are the property of Jeopardy Productions, Inc. and are protected under law. This website is not affiliated with, sponsored by, or operated by Jeopardy Productions, Inc. Join the discussion at JBoard.tv.